<?xml version="1.0" encoding="UTF-8"?>
<record
    xmlns:xsi="http://www.w3.org/2001/XMLSchema-instance"
    xsi:schemaLocation="http://www.loc.gov/MARC21/slim http://www.loc.gov/standards/marcxml/schema/MARC21slim.xsd"
    xmlns="http://www.loc.gov/MARC21/slim">

  <leader>00681cam a2200181   4500</leader>
  <controlfield tag="005">20250320115218.0</controlfield>
  <controlfield tag="008">       1958    mx                  spa  </controlfield>
  <datafield tag="050" ind1="0" ind2="4">
    <subfield code="a">PQ7291.S52</subfield>
    <subfield code="b">H55 1958</subfield>
  </datafield>
  <datafield tag="100" ind1="1" ind2=" ">
    <subfield code="a">Higuera, Ernesto</subfield>
  </datafield>
  <datafield tag="245" ind1="1" ind2="0">
    <subfield code="a">Antolog&#xED;a sinaloense /</subfield>
    <subfield code="c">Ernesto Higuera.</subfield>
  </datafield>
  <datafield tag="260" ind1=" " ind2=" ">
    <subfield code="a">Culiac&#xE1;n, Sin., Mex. :</subfield>
    <subfield code="b">Gobierno del Estado de Sinaloa,</subfield>
    <subfield code="c">1958</subfield>
  </datafield>
  <datafield tag="300" ind1=" " ind2=" ">
    <subfield code="a">460 p. ;</subfield>
    <subfield code="c">23 cm.</subfield>
  </datafield>
  <datafield tag="490" ind1=" " ind2="0">
    <subfield code="a">Ediciones culturales del Gobierno del Estado de Sinaloa</subfield>
    <subfield code="v">vol. 1</subfield>
  </datafield>
  <datafield tag="650" ind1=" " ind2="7">
    <subfield code="2">lemb</subfield>
    <subfield code="a">Literatura mexicana</subfield>
    <subfield code="z">M&#xE9;xico</subfield>
    <subfield code="z">Sinaloa (Estado)</subfield>
  </datafield>
  <datafield tag="650" ind1=" " ind2="7">
    <subfield code="2">lemb</subfield>
    <subfield code="a">Literatura mexicana</subfield>
    <subfield code="x">Antolog&#xED;as</subfield>
    <subfield code="z">Sinaloa</subfield>
  </datafield>
  <datafield tag="650" ind1=" " ind2="7">
    <subfield code="2">lemb</subfield>
    <subfield code="a">Poes&#xED;a mexicana</subfield>
    <subfield code="z">M&#xE9;xico</subfield>
    <subfield code="z">Sinaloa (Estado)</subfield>
  </datafield>
  <datafield tag="942" ind1=" " ind2=" ">
    <subfield code="2">lcc</subfield>
    <subfield code="c">LIB</subfield>
  </datafield>
  <datafield tag="999" ind1=" " ind2=" ">
    <subfield code="c">72155</subfield>
    <subfield code="d">72155</subfield>
  </datafield>
  <datafield tag="952" ind1=" " ind2=" ">
    <subfield code="1">0</subfield>
    <subfield code="2">lcc</subfield>
    <subfield code="4">0</subfield>
    <subfield code="7">0</subfield>
    <subfield code="a">INV-033</subfield>
    <subfield code="b">INV-033</subfield>
    <subfield code="c">GENERAL</subfield>
    <subfield code="d">2018-11-30</subfield>
    <subfield code="f">1a ed.</subfield>
    <subfield code="h">V.1 </subfield>
    <subfield code="i">H</subfield>
    <subfield code="k">EH</subfield>
    <subfield code="o">PQ7291.S52 H55 1958</subfield>
    <subfield code="p">IIH000027534</subfield>
    <subfield code="r">2018-11-30 00:00:00</subfield>
    <subfield code="t">1</subfield>
    <subfield code="v">1.00</subfield>
    <subfield code="y">LIB</subfield>
  </datafield>
</record>
